Statistics for FNAF 4 Character Quiz

Click here to take the quiz!

General Stats

  • This quiz has been taken 109 times
  • The average score is 12 of 15

Answer Stats

HintAnswer% Correct
The Big DaddyNightmare
100%
Mrs. KitchenNightmare Chica
99%
ScreamsterNightmare Bonnie
97%
Closet guyNightmare Foxy
97%
In Your DreamsNightmare Freddy
94%
Mr Belly MouthNightmare Fredbear
93%
MidgetPlushtrap
85%
Halloween Mrs. kitchenJack o Chica
82%
Halloween ScreamsterJack o Bonnie
79%
The 3 AmigosFreddles
76%
Hello?Nightmare bb
76%
SHUT UP!Nightmare Mangle
70%
FoodNightmare Cupcake
63%
WaaaaahCrying Child
60%
Those eyes...Nightmarrione
46%

Score Distribution

Percentile by Number Answered

Percent of People with Each Score

Your Score History

You have not taken this quiz